[Event "ICS rated blitz match"]
[Site "204.178.125.65"]
[Date "2000.07.01"]
[Round "?"]
[White "PostModernist"]
[Black "Hossa"]
[Result "1-0"]
[WhiteElo "2669"]
[BlackElo "2418"]
[PlyCount "147"]
[EventDate "2000.??.??"]

1. e4 e5 2. Bc4 Nf6 3. d3 Nc6 4. Nf3 Be7 5. c3 O-O 6. O-O d5 7. exd5 Nxd5 8.
Re1 Nb6 9. Bb5 f6 10. d4 Bg4 11. Qb3+ Kh8 12. Bxc6 bxc6 13. Nbd2 Bd6 14. dxe5
fxe5 15. h3 Bxf3 16. Nxf3 Rxf3 17. gxf3 Qd7 18. Kg2 Qf5 19. Re4 Rf8 20. Qd1 Kg8
21. Rg4 Be7 22. Bh6 Rf7 23. b4 e4 24. Kg1 Qh5 25. Bd2 Qxh3 26. Rxe4 Nd5 27. c4
Nf6 28. Re1 Bd6 29. f4 Ng4 30. Re8+ Rf8 31. Rxf8+ Bxf8 32. Be1 Qh2+ 33. Kf1
Qh1+ 34. Ke2 Qe4+ 35. Kf1 Nh2+ 36. Kg1 Nf3+ 37. Kf1 Qxf4 38. Qb3 c5 39. bxc5
Ne5 40. c6 Nxc4 41. Rd1 h6 42. Rd7 a6 43. Rxc7 Qe4 44. Rd7 Qh1+ 45. Ke2 Qe4+
46. Kd1 h5 47. c7 Qc6 48. Rd4 Qxc7 49. Rxc4 Qd7+ 50. Rd4+ Qf7 51. Qxf7+ Kxf7
52. Ra4 Be7 53. f3 g5 54. Rxa6 Bd8 55. Bd2 g4 56. fxg4 hxg4 57. Ra4 g3 58. Be1
g2 59. Rg4 Bb6 60. Rxg2 Ke7 61. Bb4+ Kf6 62. Kc2 Kf5 63. Kd3 Ke5 64. a4 Kd5 65.
a5 Ba7 66. a6 Kc6 67. Kc4 Kd7 68. Rg7+ Ke6 69. Rxa7 Kf5 70. Rg7 Kf4 71. a7 Ke5
72. a8=Q Kf5 73. Qd5+ Kf6 74. Bc3# {Hossa checkmated} 1-0

[Event "ICS rated standard match"]
[Site "204.178.125.65"]
[Date "2000.07.01"]
[Round "?"]
[White "PostModernist"]
[Black "Hossa"]
[Result "1-0"]
[WhiteElo "2417"]
[BlackElo "2273"]
[PlyCount "109"]
[EventDate "2000.??.??"]

1. d4 Nf6 2. c4 e6 3. Nf3 c5 4. g3 cxd4 5. Nxd4 Nc6 6. Nc3 Bc5 7. Nb3 Bb4 8.
Bg2 O-O 9. O-O d6 10. Ne4 Nxe4 11. Bxe4 Na5 12. Nxa5 Qxa5 13. Be3 Bc5 14. Qd3
f5 15. Bg2 Bxe3 16. Qxe3 Rd8 17. Rfd1 Qc7 18. Qd4 Qe7 19. b3 Rd7 20. Rd2 a5 21.
Rad1 a4 22. e4 fxe4 23. Bxe4 axb3 24. axb3 Qf7 25. Rd3 Qh5 26. Rf3 Ra2 27. b4
Rd8 28. Qb6 Qe8 29. Rxd6 Ra1+ 30. Kg2 Rxd6 31. Qxd6 Re1 32. Re3 Rc1 33. c5 Rc4
34. Bxh7+ Kh8 35. Rf3 Kxh7 36. Qd3+ Kg8 37. Qxc4 b5 38. cxb6 Bb7 39. Qc7 Bxf3+
40. Kxf3 Qh5+ 41. Ke3 Qg5+ 42. f4 Qd5 43. b7 Qb3+ 44. Kd4 Qxb4+ 45. Ke5 Kh7 46.
b8=Q Qe1+ 47. Kd6 Qe4 48. Qbc8 Qd5+ 49. Ke7 Qf5 50. Qc2 Qxc2 51. Qxc2+ Kg8 52.
Qc8+ Kh7 53. Kf7 g6 54. Qg8+ Kh6 55. Qxg6# {Hossa checkmated} 1-0

[Event "ICS rated bullet match"]
[Site "204.178.125.65"]
[Date "2000.07.01"]
[Round "?"]
[White "JSBach"]
[Black "Hossa"]
[Result "0-1"]
[WhiteElo "2047"]
[BlackElo "2538"]
[PlyCount "114"]
[EventDate "2000.??.??"]

1. d4 Nf6 2. Bf4 g6 3. Nd2 Nh5 4. Bg5 h6 5. Bh4 Bg7 6. e3 c5 7. Nc4 d5 8. Ne5
Qb6 9. g4 g5 10. gxh5 gxh4 11. b3 cxd4 12. Qxd4 Qc7 13. Ngf3 Nc6 14. Qxd5 Nxe5
15. Bb5+ Nc6 16. O-O-O Bg4 17. Rhg1 Bxf3 18. Qxf3 Bc3 19. Qg4 e6 20. Qxh4 Rd8
21. Qc4 Rxd1+ 22. Rxd1 Ba5 23. b4 Bb6 24. Qh4 Qe5 25. Qc4 Ke7 26. Qh4+ f6 27.
Bxc6 Qa1+ 28. Kd2 Rd8+ 29. Qd4 Rxd4+ 30. exd4 Qxd4+ 31. Kc1 Qf4+ 32. Kb1 Qxb4+
33. Kc1 bxc6 34. Rd2 Qxd2+ 35. Kxd2 Bxf2 36. Ke2 Bg1 37. h3 f5 38. Kd3 e5 39.
Ke2 e4 40. a4 f4 41. Kf1 Bc5 42. Kg2 Bd4 43. a5 a6 44. c4 Bc3 45. h4 Bxa5 46.
Kf2 Kd6 47. Ke2 Kc5 48. Kf1 Kxc4 49. Kf2 Bc3 50. Ke2 Kd4 51. Kf1 Kd3 52. Kg2
f3+ 53. Kf2 Bd4+ 54. Kf1 a5 55. Ke1 e3 56. Kf1 e2+ 57. Ke1 f2# {
JSBach checkmated} 0-1

[Event "ICS rated blitz match"]
[Site "204.178.125.65"]
[Date "2000.07.01"]
[Round "?"]
[White "Hossa"]
[Black "dilworth"]
[Result "0-1"]
[WhiteElo "2412"]
[BlackElo "2504"]
[PlyCount "126"]
[EventDate "2000.??.??"]

1. e4 e5 2. Nf3 Nf6 3. d4 Nxe4 4. Bd3 d5 5. Nxe5 Bd6 6. O-O O-O 7. Nd2 Bxe5 8.
dxe5 Nc5 9. Nf3 Bg4 10. Be2 Nc6 11. Bf4 Qd7 12. Be3 Na4 13. Rb1 Nb6 14. Bf4 Qf5
15. Be3 Nc4 16. Nd4 Bxe2 17. Nxf5 Bxd1 18. Rfxd1 Nxe3 19. Nxe3 d4 20. Nd5 Rac8
21. Re1 Rfe8 22. Re2 f6 23. e6 d3 24. cxd3 Nd4 25. Re4 Nxe6 26. Rbe1 Kf7 27. f4
f5 28. Re5 g6 29. g3 Rcd8 30. Rd1 Nd4 31. Rxe8 Rxe8 32. Nxc7 Re2 33. Rf1 Rc2
34. Nd5 Ne2+ 35. Kh1 Rxb2 36. a4 Nd4 37. Nc3 a6 38. Rb1 Rc2 39. Rxb7+ Ke6 40.
Rb6+ Kd7 41. Rxa6 Rxc3 42. Ra7+ Rc7 43. Ra8 Rc1+ 44. Kg2 Rc2+ 45. Kh1 h5 46.
Ra7+ Kc6 47. Ra8 Kb7 48. Kg1 Nf3+ 49. Kf1 Nxh2+ 50. Ke1 Nf3+ 51. Kf1 Kxa8 52.
d4 Nxd4 53. Ke1 Nf3+ 54. Kd1 Rd2+ 55. Kc1 Rd3 56. Kc2 Ne1+ 57. Kb1 Rxg3 58. a5
Rg2 59. Kc1 h4 60. Kd1 h3 61. a6 h2 62. Kc1 h1=R 63. Kb1 Nd3# {Hossa checkmated
} 0-1

[Event "ICS rated bullet match"]
[Site "204.178.125.65"]
[Date "2000.07.01"]
[Round "?"]
[White "Hossa"]
[Black "krankenstein"]
[Result "1-0"]
[WhiteElo "2540"]
[BlackElo "1539"]
[PlyCount "56"]
[EventDate "2000.??.??"]

1. e4 e6 2. d4 d5 3. Nc3 Nf6 4. Bg5 Bb4 5. e5 h6 6. Bd2 Bxc3 7. bxc3 Ne4 8. Qg4
Nxd2 9. Qxg7 Rf8 10. Kxd2 Qg5+ 11. Qxg5 hxg5 12. f4 c5 13. fxg5 Rg8 14. Bb5+
Bd7 15. Bxd7+ Nxd7 16. h4 Rc8 17. Rf1 cxd4 18. cxd4 Rc4 19. Ne2 Ra4 20. Ra1 Nb6
21. Ke3 Nc4+ 22. Kf2 Na3 23. Rac1 Rc4 24. c3 Nb5 25. g4 Ra4 26. Ra1 Ra3 27. Rh3
Ke7 28. Rb1 Rc8 1-0

[Event "ICS rated bullet match"]
[Site "204.178.125.65"]
[Date "2000.07.01"]
[Round "?"]
[White "Hossa"]
[Black "sondermann"]
[Result "1-0"]
[WhiteElo "2540"]
[BlackElo "1757"]
[PlyCount "37"]
[EventDate "2000.??.??"]

1. e4 c5 2. f4 d6 3. Nf3 Nc6 4. Nc3 g6 5. d4 cxd4 6. Nxd4 Bg7 7. Bb5 Bd7 8. Be3
Nxd4 9. Bxd4 Nf6 10. e5 dxe5 11. fxe5 Ng4 12. Qxg4 Bxb5 13. Nxb5 Qa5+ 14. Nc3
Bxe5 15. Qe4 Bxd4 16. Qxd4 O-O 17. O-O Rfd8 18. Qf2 Rac8 19. Qxf7+ {
sondermann resigns} 1-0

[Event "ICS rated bullet match"]
[Site "204.178.125.65"]
[Date "2000.07.01"]
[Round "?"]
[White "Hossa"]
[Black "strad"]
[Result "1-0"]
[WhiteElo "2540"]
[BlackElo "1613"]
[PlyCount "39"]
[EventDate "2000.??.??"]

1. e4 e5 2. Bc4 Nc6 3. Nf3 Be7 4. Nc3 Nf6 5. O-O O-O 6. d3 Bb4 7. Nd5 d6 8. Bg5
h6 9. Nxf6+ gxf6 10. Bxh6 Kh7 11. Bxf8 Qxf8 12. c3 Be6 13. Bxe6 fxe6 14. cxb4
Qg7 15. b5 Rg8 16. g3 Nd4 17. Nxd4 exd4 18. Qh5+ Qh6 19. Qf7+ Rg7 20. Qxe6 {
strad resigns} 1-0

[Event "ICS rated bullet match"]
[Site "204.178.125.65"]
[Date "2000.07.01"]
[Round "?"]
[White "POETS"]
[Black "Hossa"]
[Result "0-1"]
[WhiteElo "1623"]
[BlackElo "2540"]
[PlyCount "36"]
[EventDate "2000.??.??"]

1. e4 e5 2. Nf3 Nf6 3. Nxe5 d6 4. Nxf7 Kxf7 5. Bc4+ Be6 6. Bxe6+ Kxe6 7. O-O
Kd7 8. d4 Kc8 9. c4 Nc6 10. Nc3 h6 11. Bf4 g5 12. Bg3 h5 13. e5 h4 14. Bxh4
Rxh4 15. exf6 Qxf6 16. Qd3 Nxd4 17. g3 Nf3+ 18. Kh1 Rxh2# {POETS checkmated}
0-1

[Event "ICS rated bullet match"]
[Site "204.178.125.65"]
[Date "2000.07.01"]
[Round "?"]
[White "Hossa"]
[Black "POETS"]
[Result "1-0"]
[WhiteElo "2540"]
[BlackElo "1623"]
[PlyCount "107"]
[EventDate "2000.??.??"]

1. e4 e6 2. Nf3 c5 3. Nc3 Nc6 4. Bc4 a6 5. O-O b5 6. Be2 Nf6 7. d3 d6 8. Bf4 g6
9. a3 Bg7 10. Qc1 O-O 11. Qd2 Bb7 12. Bg5 Qd7 13. h3 Ne5 14. Nxe5 dxe5 15. Bh6
Rad8 16. Bxg7 Kxg7 17. Qg5 h6 18. Qxe5 Qe7 19. Qf4 Nd7 20. Qc7 Ba8 21. a4 Rc8
22. Qf4 e5 23. Qd2 Nf6 24. axb5 axb5 25. Nxb5 Bc6 26. Ra7 Qe6 27. Nc7 Qd6 28.
Qa5 h5 29. b3 h4 30. Bg4 Nxg4 31. hxg4 Rh8 32. Qxc5 Qxc5 33. Ne6+ Kf6 34. Nxc5
Bb5 35. b4 Rc6 36. c4 Bxc4 37. dxc4 Rd8 38. g5+ Kxg5 39. f4+ exf4 40. Rxf7 Rd4
41. Rc1 Rd2 42. Nb3 Re2 43. Nd4 Rxe4 44. Nxc6 f3 45. Rxf3 Re2 46. Nd8 Kh6 47.
Rf8 Kg7 48. Rcf1 Kh6 49. Rh8+ Kg5 50. Nf7+ Kg4 51. Rd8 Re4 52. Rd5 h3 53. Rg5+
Kh4 54. g3# {POETS checkmated} 1-0

[Event "ICS rated bullet match"]
[Site "204.178.125.65"]
[Date "2000.07.01"]
[Round "?"]
[White "Missile14b"]
[Black "Hossa"]
[Result "0-1"]
[WhiteElo "1819"]
[BlackElo "2541"]
[PlyCount "66"]
[EventDate "2000.??.??"]

1. d4 Nf6 2. Nf3 e6 3. Nc3 Bb4 4. e4 Nxe4 5. Bd2 Nxd2 6. Qxd2 Nc6 7. a3 Bxc3 8.
Qxc3 O-O 9. Bd3 d6 10. O-O Qe7 11. Rfe1 Qd7 12. Bc4 d5 13. Bb5 f6 14. a4 Rb8
15. a5 a6 16. Ba4 Qe7 17. b4 Qxb4 18. Qxb4 Nxb4 19. c3 Nd3 20. Re3 Nb2 21. Bb3
b6 22. Rb1 bxa5 23. Rxb2 a4 24. c4 dxc4 25. Bxc4 Rxb2 26. Bxe6+ Bxe6 27. Rxe6
a3 28. h3 Rb1+ 29. Kh2 a2 30. Rxa6 a1=Q 31. Rc6 f5 32. d5 f4 33. h4 Rh1# 0-1

[Event "ICS rated bullet match"]
[Site "204.178.125.65"]
[Date "2000.07.01"]
[Round "?"]
[White "Hossa"]
[Black "smooth-ED65"]
[Result "1-0"]
[WhiteElo "2541"]
[BlackElo "1556"]
[PlyCount "83"]
[EventDate "2000.??.??"]

1. e4 e6 2. Nf3 c6 3. Be2 d5 4. exd5 exd5 5. O-O Nf6 6. Re1 Bg4 7. Ba6+ Be7 8.
Bxb7 Nbd7 9. Bxa8 Qxa8 10. d3 Qd8 11. Be3 O-O 12. Bxa7 Bd6 13. h3 Bh5 14. Be3
Ne5 15. Nbd2 Nxf3+ 16. Nxf3 c5 17. d4 c4 18. Bg5 Qc7 19. Bxf6 gxf6 20. Qe2 Bh2+
21. Kf1 Bf4 22. b4 c3 23. b5 Bd2 24. Reb1 Bxf3 25. Qxf3 Qb6 26. Qxd5 Kg7 27.
Qd7 Rd8 28. Qg4+ Kf8 29. Rb4 Qe6 30. Qxe6 fxe6 31. a4 f5 32. a5 e5 33. dxe5 Kf7
34. a6 Ke6 35. b6 Kxe5 36. a7 Kf6 37. b7 Bf4 38. Rxf4 Rd2 39. b8=Q Rxc2 40.
Ra6+ Kg5 41. h4+ Kh5 42. Qe8# 1-0

[Event "ICS rated bullet match"]
[Site "204.178.125.65"]
[Date "2000.07.01"]
[Round "?"]
[White "luis1"]
[Black "Hossa"]
[Result "0-1"]
[WhiteElo "1761"]
[BlackElo "2541"]
[PlyCount "66"]
[EventDate "2000.??.??"]

1. Nf3 d5 2. e3 e6 3. d4 c5 4. Be2 Nf6 5. c3 cxd4 6. cxd4 Bd6 7. O-O Nc6 8. Nc3
O-O 9. Nb5 Be7 10. Nc3 Bd6 11. Bd2 Ne4 12. a3 a6 13. Nxe4 dxe4 14. Ne1 Bd7 15.
f4 f5 16. Rc1 Rc8 17. b4 Qh4 18. Qb3 b5 19. Rc2 Ne7 20. Rc1 Rxc1 21. Bxc1 Nd5
22. Bd2 Rc8 23. Nc2 g5 24. Na1 Qh6 25. g3 gxf4 26. exf4 Qh3 27. Rf2 e3 28. Bxe3
Rc3 29. Qxc3 Nxc3 30. Bf1 Qh5 31. Bg2 Ne2+ 32. Kf1 Nxg3+ 33. hxg3 Qd1# {
luis1 checkmated} 0-1

[Event "ICS rated bullet match"]
[Site "204.178.125.65"]
[Date "2000.07.01"]
[Round "?"]
[White "Hossa"]
[Black "luis1"]
[Result "1-0"]
[WhiteElo "2541"]
[BlackElo "1761"]
[PlyCount "117"]
[EventDate "2000.??.??"]

1. e4 c6 2. Qe2 d5 3. d3 dxe4 4. dxe4 Nf6 5. e5 Nd5 6. Qd2 Nb6 7. Qxd8+ Kxd8 8.
Bf4 Ke8 9. Nc3 e6 10. O-O-O Nd5 11. Bd2 Be7 12. Nf3 Nd7 13. Ne4 N7b6 14. Kb1 f6
15. c4 Nc7 16. Nd6+ Bxd6 17. exd6 Na6 18. b4 Bd7 19. c5 Nd5 20. Bxa6 bxa6 21.
a3 Rb8 22. Nd4 Kf7 23. Nb3 Rhc8 24. Kb2 Rb7 25. g3 Rcb8 26. Rhe1 g5 27. Na5 Rb5
28. Kc2 Rxa5 29. bxa5 Rb5 30. a4 Rxc5+ 31. Kb3 e5 32. Rc1 Rxc1 33. Bxc1 Ke6 34.
Ba3 g4 35. Bc5 f5 36. Rg1 e4 37. Re1 Ke5 38. Kb2 h5 39. Kb3 Be6 40. Kb2 Bd7 41.
Rd1 Be6 42. Rd2 Bd7 43. Rd4 Be6 44. Ka3 Bd7 45. Kb3 Be6 46. Kc2 Bd7 47. Rd1 Be6
48. Rb1 Bd7 49. Rb7 Ke6 50. Rxa7 Nf6 51. Rxa6 Nd5 52. Ra8 Nf6 53. a6 Kd5 54.
Rb8 Kxc5 55. a7 Kxd6 56. a8=Q Be6 57. Rd8+ Kc5 58. Qa5+ Kc4 59. Qc3# {
luis1 checkmated} 1-0

[Event "ICS rated bullet match"]
[Site "204.178.125.65"]
[Date "2000.07.01"]
[Round "?"]
[White "YourCensorList"]
[Black "Hossa"]
[Result "0-1"]
[WhiteElo "1693"]
[BlackElo "2541"]
[PlyCount "38"]
[EventDate "2000.??.??"]

1. e4 e5 2. Nf3 Nf6 3. Nxe5 d6 4. Nf3 Nxe4 5. d4 d5 6. Nc3 Bb4 7. Bd2 Nxd2 8.
Qxd2 Qe7+ 9. Be2 O-O 10. a3 Bxc3 11. Qxc3 Re8 12. Qd3 Bf5 13. Qd2 Nc6 14. h3
Qe4 15. O-O-O Qxe2 16. Qc3 Qxf2 17. Rhf1 Qxg2 18. Ne5 Nxd4 19. Qxd4 Qxc2# 0-1

[Event "ICS rated blitz match"]
[Site "204.178.125.65"]
[Date "2000.07.01"]
[Round "?"]
[White "Hossa"]
[Black "Silicon"]
[Result "0-1"]
[WhiteElo "2400"]
[BlackElo "2696"]
[PlyCount "120"]
[EventDate "2000.??.??"]

1. e4 e5 2. Bc4 Nf6 3. d3 Nc6 4. Nf3 Bc5 5. c3 d6 6. O-O O-O 7. b4 Bb6 8. Na3
a5 9. b5 Ne7 10. Be3 Bxe3 11. fxe3 d5 12. exd5 Nexd5 13. Bxd5 Qxd5 14. d4 Ng4
15. Nc2 Qxb5 16. h3 e4 17. Rb1 Qa4 18. Ng5 Nf6 19. Rxf6 gxf6 20. Nxe4 Qxa2 21.
Nxf6+ Kg7 22. Nh5+ Kh8 23. e4 f6 24. Ne3 b6 25. c4 Bb7 26. Ng3 Rg8 27. Ra1 Qb2
28. Rb1 Qa3 29. Qf3 Rg6 30. Rf1 Re8 31. d5 Qe7 32. Ng4 Ba6 33. Nxf6 Rf8 34.
Ngh5 Bxc4 35. Rf2 Qe5 36. g4 a4 37. Kh1 Rf7 38. Kg2 b5 39. h4 b4 40. g5 a3 41.
Qg4 Rg8 42. Rf5 Qb2+ 43. Rf2 Qd4 44. Qe6 Rgf8 45. Qf5 a2 46. g6 Rg8 47. g7+
Rfxg7+ 48. Nxg7 Rxg7+ 49. Kh2 Bxd5 50. Rg2 Rxg2+ 51. Kxg2 Bg8 52. Nxg8 a1=Q 53.
Qf6+ Qxf6 54. Nxf6 Qxf6 55. Kg3 Qe5+ 56. Kf3 b3 57. Kg4 b2 58. Kf3 b1=Q 59. Kg2
Qe1 60. Kh3 Q5g3# {Hossa checkmated} 0-1

[Event "ICS rated blitz match"]
[Site "204.178.125.65"]
[Date "2000.07.01"]
[Round "?"]
[White "Silicon"]
[Black "Hossa"]
[Result "1-0"]
[WhiteElo "2715"]
[BlackElo "2399"]
[PlyCount "119"]
[EventDate "2000.??.??"]

1. d4 Nf6 2. c4 c5 3. d5 g6 4. Nc3 Bg7 5. e4 d6 6. Bd3 Na6 7. Nf3 O-O 8. a3 Bg4
9. h3 Bd7 10. O-O e6 11. Be3 Qc8 12. Qc2 exd5 13. exd5 Bxh3 14. gxh3 Qxh3 15.
Be2 Qg4+ 16. Kh1 Nc7 17. Ng5 Qh4+ 18. Kg2 Ng4 19. Bf4 Nh2 20. Bg3 Qxg5 21. Ne4
Qf5 22. Kxh2 Ne8 23. Rh1 b5 24. cxb5 Bxb2 25. Qxb2 Qxe4 26. Bf1 Rb8 27. Bg2 Qd3
28. a4 Qf5 29. Rae1 Rd8 30. Re7 Nf6 31. Rxa7 Rfe8 32. Bh3 Qf3 33. Qc1 Re2 34.
Re1 Rxf2+ 35. Bxf2 Qxf2+ 36. Bg2 Qh4+ 37. Kg1 Ng4 38. Qd2 Qh2+ 39. Kf1 Qg3 40.
Qe2 Qf4+ 41. Bf3 Ne5 42. Qe4 Qxf3+ 43. Qxf3 Nxf3 44. Ree7 Ng5 45. b6 Rb8 46. b7
Kg7 47. a5 c4 48. a6 c3 49. Ra8 Rxa8 50. bxa8=Q c2 51. Qc8 Kf6 52. Re8 Nf3 53.
Qxc2 Nh4 54. a7 Kg5 55. a8=Q f6 56. Qaa4 f5 57. Qd2+ Kh5 58. Qad1+ Nf3 59.
Qxf3+ Kh4 60. Qh6# {Hossa checkmated} 1-0

[Event "ICS rated standard match"]
[Site "204.178.125.65"]
[Date "2000.07.01"]
[Round "?"]
[White "Hossa"]
[Black "Silicon"]
[Result "1/2-1/2"]
[WhiteElo "2263"]
[BlackElo "2200"]
[PlyCount "106"]
[EventDate "2000.??.??"]

1. c4 e5 2. d3 Nc6 3. Nf3 Nf6 4. Nc3 Bb4 5. Bd2 O-O 6. e3 d5 7. cxd5 Nxd5 8.
Be2 Be6 9. O-O Be7 10. a3 Qd7 11. b4 a6 12. Ne4 f6 13. Nc5 Bxc5 14. bxc5 b6 15.
e4 Nde7 16. cxb6 cxb6 17. Be3 b5 18. d4 exd4 19. Nxd4 Rfd8 20. Nxc6 Qxc6 21.
Qb1 Qe8 22. Qb2 Ng6 23. Rac1 Ne5 24. Bb6 Rd6 25. Bc5 Nd3 26. Bxd3 Rxd3 27. Rfd1
Rxd1+ 28. Rxd1 Rc8 29. Bd6 Qh5 30. Re1 Qg5 31. Qb4 Rc6 32. Rd1 Rc2 33. Qb1 Ra2
34. Bb4 Qe5 35. Qd3 h6 36. Qb1 Kh7 37. Bd6 Qh5 38. Re1 Qg6 39. Qc1 f5 40. e5
Bd5 41. g3 Be4 42. Qc7 Qg4 43. Bf8 Rd2 44. e6 Rd1 45. Qc3 f4 46. e7 Rxe1+ 47.
Qxe1 Qf3 48. Kf1 Bd3+ 49. Kg1 Be4 50. Kf1 Bd3+ 51. Kg1 Be4 52. Kf1 Bd3+ 53. Kg1
Be4 1/2-1/2

[Event "ICS rated blitz match"]
[Site "204.178.125.65"]
[Date "2000.07.01"]
[Round "?"]
[White "Hossa"]
[Black "Silicon"]
[Result "1/2-1/2"]
[WhiteElo "2398"]
[BlackElo "2729"]
[PlyCount "109"]
[EventDate "2000.??.??"]

1. c4 e5 2. d3 Nc6 3. Nf3 Nf6 4. Nc3 Bb4 5. e4 O-O 6. Be2 d6 7. O-O Bxc3 8.
bxc3 Nd7 9. d4 exd4 10. cxd4 Qe7 11. Bd3 Nb6 12. Bg5 f6 13. Bd2 Bg4 14. Bc3 a5
15. h3 Bxf3 16. Qxf3 Na4 17. Bc2 Nxc3 18. Qxc3 Nb4 19. a3 Nxc2 20. Qxc2 Rae8
21. Rfe1 b6 22. Qd2 Qf7 23. Qd3 Re7 24. a4 Rfe8 25. Re3 Qg6 26. Rae1 Rd8 27.
Qb3 Qf7 28. Rf3 Rde8 29. Rfe3 Kf8 30. R3e2 Qg6 31. Qf3 Kg8 32. h4 Re6 33. Qf4
R8e7 34. f3 Qe8 35. Ra1 Qf7 36. Rf1 f5 37. Ree1 Qf6 38. d5 Qd4+ 39. Qe3 Qxe3+
40. Rxe3 Re5 41. g3 Re8 42. Rfe1 fxe4 43. Rxe4 Rxe4 44. Rxe4 Rxe4 45. fxe4 Kf7
46. Kf2 Kf6 47. Ke3 Ke5 48. Kd3 g6 49. Ke3 h5 50. Kd3 Kf6 51. Ke3 Ke5 52. Kd3
Kf6 53. Ke3 Ke5 54. Kd3 Kf6 55. Ke3 1/2-1/2

[Event "ICS rated blitz match"]
[Site "204.178.125.65"]
[Date "2000.07.01"]
[Round "?"]
[White "Amateur"]
[Black "Hossa"]
[Result "1-0"]
[WhiteElo "2553"]
[BlackElo "2402"]
[PlyCount "127"]
[EventDate "2000.??.??"]

1. e4 e5 2. Nf3 Nf6 3. Nc3 Nc6 4. d4 exd4 5. Nxd4 Nxd4 6. Qxd4 d6 7. Bg5 Be7 8.
O-O-O O-O 9. e5 Ng4 10. Bxe7 Qxe7 11. exd6 Qxd6 12. Qxd6 cxd6 13. Rd2 Rd8 14.
h3 Nf6 15. g4 Bd7 16. Rxd6 Bc6 17. Rxd8+ Rxd8 18. Rg1 h5 19. g5 Ne4 20. Nxe4
Bxe4 21. Be2 g6 22. h4 Rc8 23. c3 Bd5 24. a4 Re8 25. Kd2 Bb3 26. a5 Re4 27. Rh1
Re6 28. Bf3 b5 29. axb6 axb6 30. Ra1 Kg7 31. Ra3 Bc4 32. Ra7 Re8 33. Rd7 b5 34.
Rd6 Re7 35. Rb6 Re8 36. Rb7 Kh7 37. Rd7 Kg7 38. Ra7 Rd8+ 39. Kc2 Rd3 40. Bc6
Rd6 41. Bd7 Be2 42. b3 Bd1+ 43. Kb2 Rd2+ 44. Kc1 Rd6 45. Bxb5 Bxb3 46. c4 Rd3
47. Ra3 Bc2 48. Rxd3 Bxd3 49. Kd2 Bf5 50. c5 f6 51. f4 Kf7 52. c6 fxg5 53. fxg5
Bc8 54. c7 Ke7 55. Bd3 Kf7 56. Kc3 Bd7 57. Kd4 Bc8 58. Ke5 Kg7 59. Bc4 Bb7 60.
Be6 Ba6 61. Kd6 Bb7 62. Kc5 Be4 63. c8=Q Kh7 64. Qg8# {Hossa checkmated} 1-0

[Event "ICS rated standard match"]
[Site "204.178.125.65"]
[Date "2000.07.01"]
[Round "?"]
[White "Amateur"]
[Black "Hossa"]
[Result "0-1"]
[WhiteElo "2362"]
[BlackElo "2263"]
[PlyCount "124"]
[EventDate "2000.??.??"]

1. e4 e5 2. Nf3 Nf6 3. Nxe5 d6 4. Nf3 Nxe4 5. d4 d5 6. Bd3 Be7 7. Qe2 O-O 8.
Bxe4 dxe4 9. Qxe4 Bb4+ 10. Kf1 Re8 11. Qd3 Bg4 12. c3 Bd6 13. h3 Bh5 14. Na3
Bxa3 15. bxa3 Bg6 16. Qb5 Be4 17. Bf4 Nd7 18. Re1 a6 19. Qe2 Nb6 20. Kg1 Bc6
21. Qd1 Rxe1+ 22. Nxe1 Qe7 23. Qc1 Re8 24. Nc2 Nd5 25. Bd2 Qe4 26. Rh2 Ba4 27.
Ne3 Nf4 28. Qf1 Bb5 29. c4 Qxd4 30. Ba5 Rxe3 31. fxe3 Qxe3+ 32. Kh1 Nd3 33. Bd2
Qd4 34. Bc3 Qxc4 35. Qa1 f6 36. Bd4 Nc1 37. Bg1 Qf1 38. Qd4 Ne2 39. Qd5+ Kf8
40. Qc5+ Ke8 41. Qh5+ g6 42. Qxe2+ Bxe2 43. a4 Qa1 44. h4 Qxa2 45. Rh3 Kd7 46.
Re3 Bf1 47. Rg3 Qxa4 48. Rf3 Qxh4+ 49. Rh3 Qg4 50. Rxh7+ Kd6 51. Rh2 Qg3 52.
Ba7 b6 53. Bb8 Qf2 54. Bxc7+ Kxc7 55. g3 Qf3+ 56. Kg1 Qxg3+ 57. Kh1 Bd3 58.
Rh7+ Kc6 59. Re7 Bf1 60. Re6+ Kd5 61. Re2 Qf3+ 62. Kh2 Bxe2 {Amateur resigns}
0-1

[Event "ICS Rated standard match"]
[Site "204.178.125.65"]
[Date "2000.07.01"]
[Round "?"]
[White "Hossa"]
[Black "Amateur"]
[Result "1/2-1/2"]
[WhiteElo "2283"]
[BlackElo "2342"]
[PlyCount "109"]
[EventDate "2000.??.??"]

1. e4 c6 2. Qe2 d5 3. d3 dxe4 4. dxe4 Nf6 5. e5 Nd5 6. Qd2 e6 7. Nf3 Nd7 8. Bd3
Be7 9. O-O Nc5 10. Be2 O-O 11. c4 Nb6 12. Qc2 Bd7 13. Nc3 Qc7 14. b4 Na6 15. a3
Kh8 16. Bg5 Qd8 17. Ne4 h6 18. Bxe7 Qxe7 19. Nd6 Rab8 20. c5 Nd5 21. Bxa6 bxa6
22. Qa4 Nc7 23. Rfd1 Kg8 24. Nd4 f6 25. Nxc6 Bxc6 26. Qxc6 fxe5 27. Nc4 Qf7 28.
f3 Rfd8 29. Nxe5 Qe7 30. Qe4 Rxd1+ 31. Rxd1 Rd8 32. Re1 Rd5 33. Qg6 Qf8 34. Qg3
Nb5 35. Ng6 Qf6 36. a4 Nd4 37. Kh1 Kh7 38. c6 Nxc6 39. Nf4 Rd4 40. Nxe6 Rxb4
41. Qd6 Qc3 42. Nf8+ Kh8 43. Ng6+ Kh7 44. Rg1 Rxa4 45. Nf8+ Kg8 46. Nd7 Kh8 47.
Qf8+ Kh7 48. Qf5+ Kh8 49. Qg6 Ra1 50. Qe8+ Kh7 51. Nf8+ Kh8 52. Ne6+ Kh7 53.
Nf8+ Kh8 54. Ng6+ Kh7 55. Nf8+ 1/2-1/2

[Event "ICS rated blitz match"]
[Site "204.178.125.65"]
[Date "2000.07.01"]
[Round "?"]
[White "PostModernist"]
[Black "Hossa"]
[Result "1-0"]
[WhiteElo "2659"]
[BlackElo "2393"]
[PlyCount "81"]
[EventDate "2000.??.??"]

1. d4 e6 2. e4 b6 3. f4 Bb7 4. Bd3 f5 5. exf5 exf5 6. Nf3 Nc6 7. Bxf5 Qe7+ 8.
Qe2 Qxe2+ 9. Kxe2 O-O-O 10. Nc3 Nge7 11. Bh3 Nb4 12. Kd1 Bxf3+ 13. gxf3 Re8 14.
Re1 Nbc6 15. Re4 a5 16. Be3 Nb4 17. a3 Na6 18. b4 Nb8 19. bxa5 bxa5 20. Rb1 Rd8
21. d5 c5 22. Rc4 Nec6 23. dxc6 Nxc6 24. Rb6 Kc7 25. Nd5+ Kd6 26. Rxc5 Re8 27.
Rxa5 Rxe3 28. Nxe3 Kc7 29. Rab5 Kd8 30. Rb7 Ke7 31. Rxd7+ Ke8 32. Nd5 Be7 33.
Nxe7 Nxe7 34. Rb8+ Kf7 35. Rxh8 h6 36. Bf5 h5 37. h4 g6 38. Rh7+ Kg8 39. Rhxe7
Kf8 40. Bxg6 Kg8 41. Re8# {Hossa checkmated} 1-0

[Event "ICS rated standard match"]
[Site "204.178.125.65"]
[Date "2000.07.01"]
[Round "?"]
[White "PostModernist"]
[Black "Hossa"]
[Result "1-0"]
[WhiteElo "2427"]
[BlackElo "2286"]
[PlyCount "135"]
[EventDate "2000.??.??"]

1. d4 Nf6 2. c4 e6 3. Nf3 b6 4. g3 Ba6 5. b3 Bb7 6. Bg2 Bb4+ 7. Bd2 a5 8. O-O
O-O 9. Bc3 Be7 10. Bb2 a4 11. bxa4 d6 12. Nc3 Nc6 13. d5 Na5 14. dxe6 fxe6 15.
Bh3 e5 16. Ng5 Qe8 17. e4 Kh8 18. c5 dxc5 19. Ne6 Nc4 20. Bc1 Nxe4 21. Qg4 Qg6
22. Qxg6 hxg6 23. Nxe4 Bxe4 24. Re1 Bf3 25. Bf1 Rxa4 26. Bxc4 Rxc4 27. Nxf8
Bxf8 28. Rxe5 Re4 29. Rxe4 Bxe4 30. Bf4 Bd6 31. Bxd6 cxd6 32. Re1 d5 33. Re3
Kh7 34. Rb3 c4 35. Rxb6 c3 36. Kf1 d4 37. Ke1 d3 38. Rd6 d2+ 39. Kd1 Bf3+ 40.
Kc2 Kg8 41. a4 Kf7 42. a5 Ke7 43. Rd4 d1=Q+ 44. Rxd1 Bxd1+ 45. Kxd1 Kd6 46. Kc2
Kc6 47. h4 Kb5 48. Kxc3 Kxa5 49. Kc4 Ka6 50. Kd5 g5 51. hxg5 Kb7 52. f4 Kc7 53.
Ke6 Kc6 54. f5 Kc5 55. f6 g6 56. f7 Kd4 57. f8=Q Kc3 58. Kd5 Kd2 59. Qf3 Kc2
60. Kc4 Kb2 61. Qf6+ Kc2 62. Qf4 Kd1 63. Qe3 Kc2 64. Qe2+ Kb1 65. Qe1+ Kb2 66.
Qd2+ Ka3 67. g4 Ka4 68. Qa2# {Hossa checkmated} 1-0